[Event "SF Essen-Katernberg  1 - SV Wattenschei"]
[Site "Oberliga NRW 2019/2020"]
[Date "2019.11.10"]
[Round "3.8"]
[White "Heldt, Maximilian"]
[Black "Schroeder, Wilfried"]
[Result "1-0"]
[WhiteElo "2077"]
[BlackElo "2190"]
[PlyCount "87"]
[EventDate "2019.??.??"]
[SourceVersionDate "2020.03.16"]
[WhiteTeam "SF Essen-Katernberg  1"]
[BlackTeam "SV Wattenscheid 1"]

1. c4 e6 2. g3 Nf6 3. Bg2 d5 4. Nf3 dxc4 5. Qa4+ c6 6. Qxc4 b5 7. Qc2 Bb7 8. d4
Nbd7 9. O-O c5 10. dxc5 Bxc5 11. Bg5 Qb6 12. Nc3 O-O 13. Rac1 Rac8 14. Qb3 Ng4
15. Qxb5 Bxf2+ 16. Kh1 Bc6 17. Qxb6 Bxb6 18. h3 Nf2+ 19. Kh2 f6 20. Bd2 Rfd8
21. Be1 Ne4 22. Nxe4 Bxe4 23. Rxc8 Rxc8 24. Bc3 Bd5 25. Rd1 Nc5 26. a3 Ne4 27.
Bd4 Bc7 28. Bxa7 Nxg3 29. e3 Ne4+ 30. Kg1 Bg3 31. Nd2 Nf2 32. Rf1 Rc2 33. e4
Rxd2 34. Bxf2 Bxf2+ 35. Rxf2 Rd1+ 36. Rf1 Rxf1+ 37. Kxf1 Bb7 38. Kf2 Kf7 39.
Ke3 Ke7 40. b4 f5 41. Bf3 Kd6 42. Kf4 g6 43. exf5 e5+ 44. Ke3 1-0

[Event "SV Letmathe 1 - SV Wattenscheid 1"]
[Site "Oberliga NRW 2019/2020"]
[Date "2019.12.15"]
[Round "4.1"]
[White "Schiffer, Kai-Uwe"]
[Black "Kolosowski, Mateusz"]
[Result "1/2-1/2"]
[WhiteElo "2259"]
[BlackElo "2477"]
[PlyCount "40"]
[EventDate "2019.??.??"]
[SourceVersionDate "2020.03.16"]
[WhiteTeam "SV Wattenscheid 1"]
[BlackTeam "SV Letmathe 1"]

1. e4 c5 2. Nf3 e6 3. d4 cxd4 4. Nxd4 Nc6 5. Nc3 Qc7 6. Be3 a6 7. Be2 Nf6 8.
O-O Bb4 9. Nxc6 bxc6 10. Qd4 c5 11. Qc4 Bb7 12. Bf3 d6 13. Rfd1 O-O 14. Bf4 e5
15. Bd2 Bc6 16. a3 Bxc3 17. Bxc3 Bb5 18. Qa2 Bc6 19. Qc4 Bb5 20. Qa2 Bc6
1/2-1/2

[Event "SV Letmathe 1 - SV Wattenscheid 1"]
[Site "Oberliga NRW 2019/2020"]
[Date "2019.12.15"]
[Round "4.2"]
[White "Dubinski, Mateusz"]
[Black "Franke, Johannes"]
[Result "1-0"]
[WhiteElo "2320"]
[BlackElo "2244"]
[PlyCount "23"]
[EventDate "2019.??.??"]
[SourceVersionDate "2020.03.16"]
[WhiteTeam "SV Letmathe 1"]
[BlackTeam "SV Wattenscheid 1"]

1. d4 c6 2. c4 d5 3. Nf3 Nf6 4. e3 a6 5. Nc3 Bg4 6. Qb3 Ra7 7. Ne5 e6 8. f3 Bh5
9. g4 Nfd7 10. Nxd7 Qh4+ 11. Ke2 dxc4 12. Qb6 1-0

[Event "SV Letmathe 1 - SV Wattenscheid 1"]
[Site "Oberliga NRW 2019/2020"]
[Date "2019.12.15"]
[Round "4.3"]
[White "Straeter, Timo"]
[Black "Soukup, Jiri"]
[Result "1/2-1/2"]
[WhiteElo "2316"]
[BlackElo "2351"]
[PlyCount "73"]
[EventDate "2019.??.??"]
[SourceVersionDate "2020.03.16"]
[WhiteTeam "SV Wattenscheid 1"]
[BlackTeam "SV Letmathe 1"]

1. d4 Nf6 2. Nf3 e6 3. c4 b6 4. e3 Bb7 5. Bd3 d5 6. O-O dxc4 7. Bxc4 Nbd7 8.
Nc3 Bd6 9. Qe2 c5 10. Rd1 cxd4 11. exd4 O-O 12. Bg5 Rc8 13. Bb3 a6 14. d5 exd5
15. Bxd5 Re8 16. Qf1 Bxd5 17. Nxd5 b5 18. a4 bxa4 19. Qxa6 Nc5 20. Qb5 Rb8 21.
Qc4 Nce4 22. Nxf6+ gxf6 23. Be3 Rxb2 24. Qxa4 Qe7 25. Rac1 Rbb8 26. Qc6 Rbd8
27. g3 f5 28. Bb6 Rb8 29. Nh4 Qe6 30. Bd4 Rec8 31. Qa6 f4 32. Qe2 Ng5 33. Rxc8+
Rxc8 34. Qxe6 fxe6 35. Kg2 Rc2 36. Re1 Kf7 37. Nf3 1/2-1/2

[Event "SV Letmathe 1 - SV Wattenscheid 1"]
[Site "Oberliga NRW 2019/2020"]
[Date "2019.12.15"]
[Round "4.4"]
[White "Gruermann, Martin"]
[Black "Wengenroth, Walter"]
[Result "1/2-1/2"]
[WhiteElo "2192"]
[BlackElo "2229"]
[PlyCount "50"]
[EventDate "2019.??.??"]
[SourceVersionDate "2020.03.16"]
[WhiteTeam "SV Letmathe 1"]
[BlackTeam "SV Wattenscheid 1"]

1. e4 c5 2. Nf3 d6 3. d4 cxd4 4. Qxd4 Nc6 5. Bb5 Bd7 6. Bxc6 Bxc6 7. c4 Nf6 8.
Nc3 e6 9. O-O Be7 10. b3 O-O 11. Bb2 Qa5 12. Rfe1 Rfe8 13. h3 Qh5 14. Rad1 a6
15. Qe3 b5 16. Nd4 Bd7 17. cxb5 axb5 18. a3 Rab8 19. Nce2 Qc5 20. Rc1 Qb6 21.
f3 Bd8 22. Kh1 h6 23. Nc2 e5 24. Qxb6 Bxb6 25. Red1 Be6 1/2-1/2

[Event "SV Letmathe 1 - SV Wattenscheid 1"]
[Site "Oberliga NRW 2019/2020"]
[Date "2019.12.15"]
[Round "4.5"]
[White "Kaehmann, Joerg"]
[Black "Adamski, Jan"]
[Result "1/2-1/2"]
[WhiteElo "2123"]
[BlackElo "2168"]
[PlyCount "69"]
[EventDate "2019.??.??"]
[SourceVersionDate "2020.03.16"]
[WhiteTeam "SV Wattenscheid 1"]
[BlackTeam "SV Letmathe 1"]

1. Nf3 Nf6 2. d4 e6 3. g3 b5 4. Bg2 Bb7 5. O-O c5 6. a4 b4 7. c3 Na6 8. Nbd2
bxc3 9. bxc3 cxd4 10. cxd4 Nb4 11. Ba3 a5 12. Ne5 Bxg2 13. Kxg2 Qb6 14. Ndc4
Qa6 15. Rc1 Be7 16. e3 O-O 17. Qf3 Rac8 18. Nd2 Nbd5 19. Bxe7 Nxe7 20. Ne4 Nxe4
21. Qxe4 d6 22. Nf3 Nd5 23. Ng5 Nf6 24. Qb1 Qa8+ 25. f3 h6 26. Ne4 Nxe4 27.
Qxe4 Qa6 28. d5 exd5 29. Qxd5 Rxc1 30. Rxc1 Qe2+ 31. Kh3 Qxe3 32. Rc6 Qe6+ 33.
Qxe6 fxe6 34. Rxd6 Rxf3 35. Rxe6 1/2-1/2

[Event "SV Letmathe 1 - SV Wattenscheid 1"]
[Site "Oberliga NRW 2019/2020"]
[Date "2019.12.15"]
[Round "4.6"]
[White "Pfleger, Sascha"]
[Black "Hirsch, Stefan"]
[Result "0-1"]
[WhiteElo "1987"]
[BlackElo "2119"]
[PlyCount "138"]
[EventDate "2019.??.??"]
[SourceVersionDate "2020.03.16"]
[WhiteTeam "SV Letmathe 1"]
[BlackTeam "SV Wattenscheid 1"]

1. e4 e5 2. Nf3 Nc6 3. Bb5 a6 4. Ba4 Nf6 5. O-O Be7 6. c3 Nxe4 7. Re1 Nc5 8.
Bxc6 dxc6 9. Nxe5 Nd3 10. Nxd3 Qxd3 11. Re3 Qd5 12. Qe2 Be6 13. Na3 O-O-O 14.
Nc2 Bf6 15. Nb4 Qa5 16. d4 h5 17. Rxe6 fxe6 18. Qxe6+ Kb8 19. Be3 Qb5 20. a4
Qe2 21. Qb3 Ka8 22. Qc2 Qxc2 23. Nxc2 b6 24. Kf1 Kb7 25. Ke2 Rhe8 26. Kf1 Rd5
27. Nb4 Rf5 28. Re1 Re4 29. Re2 Be7 30. Nd3 Bd6 31. g3 h4 32. f4 hxg3 33. hxg3
Rh5 34. Kg2 Re8 35. Kf3 Rh1 36. f5 Rh3 37. Bf4 Rxe2 38. Kxe2 Bxf4 39. Nxf4 Rxg3
40. Ne6 Kc8 41. Kf2 Rh3 42. Nxg7 Kd7 43. Ke2 Rh7 44. Ne6 Rf7 45. Nf4 Rxf5 46.
Nd3 Rh5 47. Ke3 Rh1 48. Ne5+ Kd6 49. Kd3 c5 50. Nc4+ Kc6 51. dxc5 Kxc5 52. b4+
Kd5 53. Ne3+ Kc6 54. Kc4 Rh4+ 55. Kb3 Re4 56. Nc2 Kd5 57. Na3 Rh4 58. Nc2 Rf4
59. Ne3+ Ke4 60. Nc4 Rh4 61. Nb2 Kd5 62. Nd3 Rh2 63. Nf4+ Ke5 64. Ng6+ Ke4 65.
Ne7 Rh6 66. b5 a5 67. Kc4 Rh5 68. Ng8 Rc5+ 69. Kb3 Kd3 0-1

[Event "SV Letmathe 1 - SV Wattenscheid 1"]
[Site "Oberliga NRW 2019/2020"]
[Date "2019.12.15"]
[Round "4.7"]
[White "Schroeder, Wilfried"]
[Black "Hunold, Rolf"]
[Result "1-0"]
[WhiteElo "2190"]
[BlackElo "1945"]
[PlyCount "93"]
[EventDate "2019.??.??"]
[SourceVersionDate "2020.03.16"]
[WhiteTeam "SV Wattenscheid 1"]
[BlackTeam "SV Letmathe 1"]

1. d4 Nf6 2. Nf3 e6 3. c4 d5 4. g3 c5 5. cxd5 Nxd5 6. Bg2 Nc6 7. O-O Be7 8. Nc3
Nxc3 9. bxc3 O-O 10. Bb2 Na5 11. Nd2 Bd7 12. Rc1 Bc6 13. e4 Qd7 14. Re1 Bb5 15.
Qg4 Nc4 16. Nxc4 Bxc4 17. Rcd1 Rfd8 18. h4 Qb5 19. Bc1 cxd4 20. Bh6 Bf8 21.
cxd4 f5 22. Qg5 Kh8 23. d5 gxh6 24. Qf6+ Bg7 25. Qxe6 fxe4 26. Bxe4 Qd7 27. Bf5
Qxe6 28. dxe6 Rxd1 29. Rxd1 Bb5 30. Be4 Bc6 31. Bxc6 bxc6 32. f4 Kg8 33. Kg2
Rc8 34. g4 h5 35. g5 c5 36. f5 Bd4 37. Kf3 Kf8 38. f6 a5 39. Ke4 a4 40. Rb1 Bf2
41. Rb7 Bxh4 42. Rxh7 Kg8 43. Rxh5 Bxg5 44. Rxg5+ Kf8 45. Rh5 Kg8 46. f7+ Kg7
47. Rg5+ 1-0

[Event "SV Letmathe 1 - SV Wattenscheid 1"]
[Site "Oberliga NRW 2019/2020"]
[Date "2019.12.15"]
[Round "4.8"]
[White "Tomiczny, Darius"]
[Black "Peter, Thomas"]
[Result "0-1"]
[WhiteElo "1959"]
[BlackElo "2083"]
[PlyCount "136"]
[EventDate "2019.??.??"]
[SourceVersionDate "2020.03.16"]
[WhiteTeam "SV Letmathe 1"]
[BlackTeam "SV Wattenscheid 1"]

1. c4 Nf6 2. Nc3 g6 3. g3 Bg7 4. Bg2 O-O 5. e3 c6 6. Nge2 Na6 7. d4 Rb8 8. a3
Nc7 9. O-O d5 10. cxd5 Ncxd5 11. e4 Nb6 12. h3 Nfd7 13. a4 e5 14. b3 exd4 15.
Nxd4 Nc5 16. Nce2 Re8 17. a5 Nbd7 18. Qc2 Na6 19. Bf4 Ne5 20. Rfd1 Qe7 21. Bxe5
Qxe5 22. f4 Qc5 23. Qxc5 Nxc5 24. e5 f6 25. exf6 Bxf6 26. Rac1 Nxb3 27. Nxb3
Rxe2 28. Nc5 Be7 29. Nd7 Bxd7 30. Rxd7 Rd8 31. Rxd8+ Bxd8 32. a6 Bb6+ 33. Kh1
bxa6 34. Bxc6 Kf7 35. Rd1 Kf6 36. g4 h6 37. Rd6+ Re6 38. g5+ hxg5 39. fxg5+ Ke5
40. Rd5+ Kf4 41. Bd7 Re3 42. Kg2 Rg3+ 43. Kf1 Ke3 44. Be8 Rf3+ 45. Kg2 Rf2+ 46.
Kh1 Rf5 47. Rd6 Rxg5 48. Bxg6 Kf2 49. Rf6+ Kg3 50. Bf5 a5 51. Bg4 Rb5 52. Rf3+
Kh4 53. Ra3 Bc5 54. Ra2 a4 55. Rxa4 Kg3 56. Bf5 Bb4 57. Bc2 a5 58. Ra2 Re5 59.
Ra1 Bc5 60. Bd3 a4 61. Bf1 a3 62. Bc4 Re4 63. Bd3 Rf4 64. Ra2 Kxh3 65. Rh2+ Kg3
66. Rg2+ Kf3 67. Be2+ Ke3 68. Bg4 Rf1+ 0-1

[Event "SV Mülheim-Nord 2 - SF Essen-Katernber"]
[Site "Oberliga NRW 2019/2020"]
[Date "2019.12.15"]
[Round "4.1"]
[White "Siebrecht, Sebastian"]
[Black "Buckels, Valentin"]
[Result "0-1"]
[WhiteElo "2408"]
[BlackElo "2494"]
[PlyCount "70"]
[EventDate "2019.??.??"]
[SourceVersionDate "2020.03.16"]
[WhiteTeam "SF Essen-Katernberg  1"]
[BlackTeam "SV Mülheim-Nord 2"]

1. c4 e6 2. Nf3 d5 3. e3 Nf6 4. b3 Bd6 5. Bb2 Nbd7 6. g4 O-O 7. g5 Ne4 8. h4 c6
9. d3 Bb4+ 10. Ke2 Nd6 11. h5 e5 12. Rg1 Qe7 13. a3 Ba5 14. cxd5 cxd5 15. Nc3
d4 16. Nd5 Qe6 17. e4 f5 18. b4 fxe4 19. dxe4 Nxe4 20. Qb3 Kh8 21. h6 Ndc5 22.
hxg7+ Kxg7 23. bxc5 Nxc5 24. Qc4 b6 25. Kd1 Rxf3 26. Nc7 Qxc4 27. Bxc4 Rb8 28.
Ne8+ Kg6 29. Ke2 Bb7 30. Nf6 Bc3 31. Rab1 Bxb2 32. Rxb2 Rxa3 33. f4 exf4 34.
Rd2 Re3+ 35. Kd1 Bf3+ 0-1

[Event "SV Mülheim-Nord 2 - SF Essen-Katernber"]
[Site "Oberliga NRW 2019/2020"]
[Date "2019.12.15"]
[Round "4.2"]
[White "Rezazadeh, Amir"]
[Black "Tomic, Bosko"]
[Result "0-1"]
[WhiteElo "2314"]
[BlackElo "2367"]
[PlyCount "86"]
[EventDate "2019.??.??"]
[SourceVersionDate "2020.03.16"]
[WhiteTeam "SV Mülheim-Nord 2"]
[BlackTeam "SF Essen-Katernberg  1"]

1. d4 Nf6 2. c4 g6 3. f3 d5 4. cxd5 Nxd5 5. e4 Nb6 6. Nc3 Bg7 7. Be3 O-O 8. Qd2
Nc6 9. d5 Ne5 10. f4 Nec4 11. Bxc4 Nxc4 12. Qe2 Nxe3 13. Qxe3 c6 14. dxc6 bxc6
15. e5 Qa5 16. Nf3 Rb8 17. O-O-O c5 18. Rd5 Qb4 19. Rd2 Bb7 20. Ng5 f6 21. Ne6
Bh6 22. Rf1 Qc4 23. exf6 Qxf1+ 24. Rd1 Qxg2 25. Nxf8 Be4 26. Rd2 Qf1+ 27. Nd1
Qc4+ 28. Nc3 Rxf8 29. fxe7 Re8 30. Qxe4 Qxe4 31. Nxe4 Bxf4 32. Nf6+ Kf7 33.
Nxe8 Kxe8 34. Kc2 Bxd2 35. Kxd2 Kxe7 36. Kd3 Kd6 37. Ke4 Ke6 38. Kf4 h6 39. Ke4
g5 40. b3 a6 41. Kf3 Kf5 42. h3 h5 43. Ke3 Ke5 0-1

[Event "SV Mülheim-Nord 2 - SF Essen-Katernber"]
[Site "Oberliga NRW 2019/2020"]
[Date "2019.12.15"]
[Round "4.3"]
[White "Kueppers, Timo"]
[Black "van Osch, Mees"]
[Result "1/2-1/2"]
[WhiteElo "2306"]
[BlackElo "2319"]
[Annotator "Daniel"]
[PlyCount "120"]
[EventDate "2019.??.??"]
[SourceVersionDate "2020.03.16"]
[WhiteTeam "SF Essen-Katernberg  1"]
[BlackTeam "SV Mülheim-Nord 2"]

1. d4 Nf6 2. c4 g6 3. g3 Bg7 4. Bg2 O-O 5. Nc3 d6 6. Nf3 Nc6 7. O-O e5 8. dxe5
dxe5 9. Bg5 Be6 10. Nd5 Bxd5 11. cxd5 Qxd5 12. Qxd5 Nxd5 13. Nxe5 Bxe5 14. Bxd5
Nd4 15. e3 Ne6 $11 16. Be7 Rfe8 17. Ba3 c6 18. Bxe6 fxe6 19. Rfd1 Rad8 20. f4
Bf6 21. Kf2 $11 e5 22. Ke2 e4 23. Rac1 Kf7 24. Rxd8 Rxd8 25. Rc4 Re8 26. b3 Re6
27. Bc5 b6 28. Bd4 Be7 29. Be5 Bf6 30. Rxe4 Bxe5 31. fxe5 g5 32. Kf3 Re7 33. h4
h6 34. Kg4 gxh4 35. gxh4 Ke6 36. Kh5 c5 37. Kxh6 Kd5 38. Rg4 b5 39. h5 c4 40.
Kg6 Rxe5 41. h6 Rxe3 42. h7 Re8 43. Rg5+ Kd4 44. Kf6 Rh8 45. Kg7 Rxh7+ 46. Kxh7
a6 47. Rg6 a5 48. Rg4+ Kc3 49. Rg3+ Kd4 50. Rg4+ Kc3 51. a4 bxa4 52. bxc4 Kb4
53. c5+ Kxc5 54. Rxa4 Kb5 55. Rh4 a4 56. Kg6 a3 57. Kf5 a2 58. Rh1 Kc4 59. Ke4
Kc3 60. Ra1 Kb2 1/2-1/2

[Event "SV Mülheim-Nord 2 - SF Essen-Katernber"]
[Site "Oberliga NRW 2019/2020"]
[Date "2019.12.15"]
[Round "4.4"]
[White "van Meegen, Ruud"]
[Black "Rosen, Bernd"]
[Result "1/2-1/2"]
[WhiteElo "2280"]
[BlackElo "2293"]
[PlyCount "36"]
[EventDate "2019.??.??"]
[SourceVersionDate "2020.03.16"]
[WhiteTeam "SV Mülheim-Nord 2"]
[BlackTeam "SF Essen-Katernberg  1"]

1. Nf3 Nf6 2. c4 c5 3. Nc3 Nc6 4. d4 cxd4 5. Nxd4 e6 6. g3 Bb4 7. Bg2 d5 8. O-O
O-O 9. cxd5 exd5 10. Bg5 Be6 11. Rc1 h6 12. Bf4 Rc8 13. Nxc6 bxc6 14. Na4 Re8
15. Be3 Bg4 16. Bf3 Bh3 17. Bg2 Bg4 18. Bf3 Bh3 1/2-1/2

[Event "SV Mülheim-Nord 2 - SF Essen-Katernber"]
[Site "Oberliga NRW 2019/2020"]
[Date "2019.12.15"]
[Round "4.5"]
[White "Wessendorf, Thomas"]
[Black "Stillger, Bernhard"]
[Result "1-0"]
[WhiteElo "2206"]
[BlackElo "2233"]
[PlyCount "79"]
[EventDate "2019.??.??"]
[SourceVersionDate "2020.03.16"]
[WhiteTeam "SF Essen-Katernberg  1"]
[BlackTeam "SV Mülheim-Nord 2"]

1. e4 e6 2. d3 c5 3. Nf3 Nc6 4. g3 g6 5. Bg2 Bg7 6. O-O Nge7 7. Re1 O-O 8. e5
d6 9. exd6 Qxd6 10. Nbd2 Qc7 11. Nb3 Nd4 12. Bf4 Qb6 13. Ne5 Nxb3 14. Nc4 Nxa1
15. Nxb6 axb6 16. Qxa1 Nc6 17. c3 e5 18. Bxc6 exf4 19. Bd5 b5 20. Qd1 fxg3 21.
hxg3 Bf5 22. a3 Rad8 23. Qf3 b4 24. axb4 cxb4 25. d4 bxc3 26. bxc3 b5 27. Re7
h5 28. Rb7 Rb8 29. Bxf7+ Kh7 30. Qd5 Rxb7 31. Qxb7 b4 32. cxb4 Bxd4 33. Qe7 Bg7
34. b5 Ra8 35. b6 Ra1+ 36. Kg2 Rb1 37. b7 Rb2 38. Bd5 Kh6 39. Qe3+ Kh7 40. Qa7
1-0

[Event "SV Mülheim-Nord 2 - SF Essen-Katernber"]
[Site "Oberliga NRW 2019/2020"]
[Date "2019.12.15"]
[Round "4.6"]
[White "Hoenig, Alexander"]
[Black "Bee, Marcus"]
[Result "0-1"]
[WhiteElo "2182"]
[BlackElo "2169"]
[Annotator "Daniel"]
[PlyCount "50"]
[EventDate "2019.??.??"]
[SourceVersionDate "2020.03.16"]
[WhiteTeam "SV Mülheim-Nord 2"]
[BlackTeam "SF Essen-Katernberg  1"]

1. d4 g6 2. e4 Bg7 3. c4 d6 4. Nc3 e5 5. Nge2 Nc6 6. Be3 exd4 7. Nxd4 Nge7 8.
Qd2 O-O 9. Nxc6 Nxc6 10. Be2 f5 11. Bg5 Qe8 12. exf5 Bxf5 13. O-O Nd4 $11 14.
Rae1 Qf7 15. b3 Rae8 16. Bd1 Bd7 17. a4 a6 18. Ne2 Ne6 19. Be3 Nc5 20. Bxc5
dxc5 21. Nc3 Rxe1 22. Qxe1 Bc6 23. Bg4 Re8 24. Qd2 Bd4 25. Re1 Qxf2+ 0-1

[Event "SV Mülheim-Nord 2 - SF Essen-Katernber"]
[Site "Oberliga NRW 2019/2020"]
[Date "2019.12.15"]
[Round "4.7"]
[White "Gruenter, Martin"]
[Black "Bus, Tom"]
[Result "1/2-1/2"]
[WhiteElo "2162"]
[BlackElo "2095"]
[Annotator "Daniel"]
[PlyCount "51"]
[EventDate "2019.??.??"]
[SourceVersionDate "2020.03.16"]
[WhiteTeam "SF Essen-Katernberg  1"]
[BlackTeam "SV Mülheim-Nord 2"]

1. e4 e5 2. Nf3 Nc6 3. Bc4 Nf6 4. d3 Be7 5. c3 O-O 6. O-O d6 7. Bb3 Na5 8. Bc2
c5 9. d4 cxd4 10. cxd4 Nc6 11. h3 h6 12. Nc3 Nh7 13. Nd5 Ng5 $11 14. Nxg5 Bxg5
15. f4 exf4 16. Bxf4 Be6 17. Qd3 g6 18. Bxg5 Qxg5 19. Nf6+ Kh8 20. Bb3 Rad8 21.
Qc3 Rc8 22. Rad1 Ne7 23. Qd3 d5 24. e5 Rc7 25. Qf3 Rfc8 26. Kh2 1/2-1/2

[Event "SV Mülheim-Nord 2 - SF Essen-Katernber"]
[Site "Oberliga NRW 2019/2020"]
[Date "2019.12.15"]
[Round "4.8"]
[White "Kuipers, Dustin"]
[Black "Schimnatkowski, Lukas"]
[Result "1-0"]
[WhiteElo "2102"]
[BlackElo "2167"]
[Annotator "Daniel"]
[PlyCount "93"]
[EventDate "2019.??.??"]
[SourceVersionDate "2020.03.16"]
[WhiteTeam "SV Mülheim-Nord 2"]
[BlackTeam "SF Essen-Katernberg  1"]

1. Nf3 Nf6 2. g3 b6 3. Bg2 Bb7 4. O-O c5 5. b3 e6 6. Bb2 Be7 7. c4 O-O 8. e3 d6
9. d4 Nbd7 10. Nc3 a6 11. d5 e5 12. Nd2 Rb8 13. a4 Ne8 14. e4 Bc8 15. f4 Nc7
16. Qe2 Bf6 17. Nf3 Re8 18. f5 Nf8 19. Nd1 b5 20. axb5 axb5 $11 21. Ne3 Bg5 22.
Nxg5 Qxg5 23. Bc1 Qd8 24. f6 gxf6 25. Qh5 bxc4 26. bxc4 Re7 27. Rxf6 Ne8 28.
Rf1 Reb7 29. Bh3 Bxh3 30. Qxh3 Ng6 31. Qh6 f6 32. Ra2 Rb1 33. Raf2 R8b7 34. h4
R1b3 35. Kh2 Qd7 36. Rf5 Qg7 37. Qh5 Kf7 38. Ng4 Ke7 39. Nxf6 Nxf6 40. Bg5 Kd7
41. Rxf6 Rb2+ 42. Kh3 Qg8 43. Rf7+ Ke8 44. Qg4 Nf4+ 45. R1xf4 exf4 46. Qe6+ Re7
47. Qxe7# 1-0

[Event "SV Dinslaken 1 - SG Bochum 1"]
[Site "Oberliga NRW 2019/2020"]
[Date "2019.12.15"]
[Round "4.1"]
[White "Kotainy, Jens"]
[Black "Sielecki, Christof"]
[Result "1/2-1/2"]
[WhiteElo "2429"]
[BlackElo "2376"]
[PlyCount "32"]
[EventDate "2019.??.??"]
[SourceVersionDate "2020.03.16"]
[WhiteTeam "SG Bochum 1"]
[BlackTeam "SV Dinslaken 1"]

1. d4 Nf6 2. Nf3 e6 3. Bg5 h6 4. Bh4 d6 5. e3 g5 6. Bg3 Nh5 7. Bd3 Bg7 8. Nbd2
Nc6 9. c3 Qe7 10. Qe2 Bd7 11. Nc4 Nxg3 12. hxg3 e5 13. dxe5 d5 14. Ncd2 Nxe5
15. Nxe5 Qxe5 16. g4 O-O-O 1/2-1/2

[Event "SV Dinslaken 1 - SG Bochum 1"]
[Site "Oberliga NRW 2019/2020"]
[Date "2019.12.15"]
[Round "4.2"]
[White "Welzel, Philipp"]
[Black "Hendriks, Willy"]
[Result "0-1"]
[WhiteElo "2252"]
[BlackElo "2397"]
[PlyCount "60"]
[EventDate "2019.??.??"]
[SourceVersionDate "2020.03.16"]
[WhiteTeam "SV Dinslaken 1"]
[BlackTeam "SG Bochum 1"]

1. d4 Nf6 2. Nf3 d6 3. g3 Nbd7 4. Bg2 e5 5. c4 Be7 6. O-O O-O 7. Nc3 c6 8. e4
a6 9. a4 a5 10. d5 Nc5 11. Ne1 cxd5 12. cxd5 b6 13. f4 Ba6 14. Rf2 exf4 15.
gxf4 Nfd7 16. Nb5 Bxb5 17. axb5 Rc8 18. Ra3 Re8 19. Rh3 Bh4 20. Re2 Bf6 21. Nc2
g6 22. Na3 a4 23. Qe1 Nb3 24. Rc2 Rxc2 25. Nxc2 Qc7 26. Rxb3 axb3 27. Nb4 Qc4
28. e5 Nxe5 29. fxe5 Rxe5 30. Qc3 Qxc3 0-1

[Event "SV Dinslaken 1 - SG Bochum 1"]
[Site "Oberliga NRW 2019/2020"]
[Date "2019.12.15"]
[Round "4.3"]
[White "Tkachuk, Konstantyn"]
[Black "Borchert, Rene"]
[Result "0-1"]
[WhiteElo "2294"]
[BlackElo "2173"]
[PlyCount "66"]
[EventDate "2019.??.??"]
[SourceVersionDate "2020.03.16"]
[WhiteTeam "SG Bochum 1"]
[BlackTeam "SV Dinslaken 1"]

1. e4 e5 2. Nf3 Nc6 3. Bc4 Bc5 4. Nc3 Nf6 5. d3 O-O 6. Bg5 Be7 7. O-O d6 8. h3
Na5 9. Qe2 Nxc4 10. dxc4 c6 11. Rad1 Qc7 12. Rd3 Be6 13. b3 h6 14. Bh4 Rfe8 15.
Rfd1 Nh5 16. Qe3 Nf4 17. R3d2 g5 18. Bg3 Ng6 19. Ne1 Qa5 20. a4 Rad8 21. Nf3
Bc8 22. c5 d5 23. exd5 Bxc5 24. Qd3 Kg7 25. Qc4 Bb4 26. Rd3 Bf5 27. Ne4 b5 28.
axb5 cxb5 29. Bxe5+ Nxe5 30. Qd4 f6 31. Nxf6 Kxf6 32. Re3 Bd6 33. Rde1 Qc7 0-1

[Event "SV Dinslaken 1 - SG Bochum 1"]
[Site "Oberliga NRW 2019/2020"]
[Date "2019.12.15"]
[Round "4.4"]
[White "Ossig, Rainer"]
[Black "Schlawin, Marlon"]
[Result "1/2-1/2"]
[WhiteElo "2162"]
[BlackElo "2274"]
[PlyCount "25"]
[EventDate "2019.??.??"]
[SourceVersionDate "2020.03.16"]
[WhiteTeam "SV Dinslaken 1"]
[BlackTeam "SG Bochum 1"]

1. d4 e6 2. Nf3 f5 3. h3 b6 4. d5 Be7 5. Bf4 Nf6 6. Nc3 Na6 7. Nd4 O-O 8. Ndb5
Nh5 9. Bh2 f4 10. e4 g6 11. Be2 Ng7 12. Qd2 c6 13. Nd4 1/2-1/2

[Event "SV Dinslaken 1 - SG Bochum 1"]
[Site "Oberliga NRW 2019/2020"]
[Date "2019.12.15"]
[Round "4.5"]
[White "Tkachuk, Sergij"]
[Black "Sonnenschein, Philipp"]
[Result "1/2-1/2"]
[WhiteElo "2213"]
[BlackElo "2119"]
[PlyCount "59"]
[EventDate "2019.??.??"]
[SourceVersionDate "2020.03.16"]
[WhiteTeam "SG Bochum 1"]
[BlackTeam "SV Dinslaken 1"]

1. e4 c5 2. Nf3 Nc6 3. d4 cxd4 4. Nxd4 Nf6 5. Nc3 e5 6. Nf3 Bb4 7. Bc4 Bxc3+ 8.
bxc3 Qa5 9. Bd5 Ne7 10. O-O Nfxd5 11. exd5 Qxd5 12. Qxd5 Nxd5 13. Nxe5 O-O 14.
c4 Nb6 15. c5 Na4 16. Be3 b6 17. Rad1 Rd8 18. cxb6 axb6 19. Rd6 f6 20. Nd3 b5
21. Nb4 Nb2 22. Rd5 Rb8 23. Rb1 Nc4 24. Bf4 Rb7 25. Rbd1 d6 26. Nc6 Re8 27. Nd4
Ra7 28. Nxb5 Rxa2 29. Nxd6 Nxd6 30. Rxd6 1/2-1/2

[Event "SV Dinslaken 1 - SG Bochum 1"]
[Site "Oberliga NRW 2019/2020"]
[Date "2019.12.15"]
[Round "4.6"]
[White "Gorny, Michael"]
[Black "Werthebach, Felix"]
[Result "0-1"]
[WhiteElo "2025"]
[BlackElo "2166"]
[PlyCount "78"]
[EventDate "2019.??.??"]
[SourceVersionDate "2020.03.16"]
[WhiteTeam "SV Dinslaken 1"]
[BlackTeam "SG Bochum 1"]

1. d4 f5 2. Nf3 Nf6 3. g3 g6 4. Bg2 Bg7 5. O-O O-O 6. b3 d6 7. Bb2 Qe8 8. Nbd2
Na6 9. c4 e5 10. dxe5 Ng4 11. e4 f4 12. Qc2 Nb4 13. Qb1 Nxe5 14. Nxe5 Bxe5 15.
Bxe5 Qxe5 16. a3 Nc6 17. Qd3 Be6 18. Rac1 g5 19. Rfd1 g4 20. gxf4 Rxf4 21. Nf1
Raf8 22. Rc2 Qg5 23. Qe3 b6 24. b4 Ne5 25. c5 dxc5 26. bxc5 b5 27. c6 Bc4 28.
Rxc4 Nxc4 29. Qxa7 Qe5 30. Rd5 Qc3 31. Qxc7 Rxf2 32. Rg5+ Kh8 33. Rxg4 Rxf1+
34. Bxf1 Rxf1+ 35. Kxf1 Qf3+ 36. Ke1 Qe3+ 37. Kf1 Nd2+ 38. Kg2 Qf3+ 39. Kg1
Qf1# 0-1

[Event "SV Dinslaken 1 - SG Bochum 1"]
[Site "Oberliga NRW 2019/2020"]
[Date "2019.12.15"]
[Round "4.7"]
[White "Kitte, Sebastian"]
[Black "Cebulla, Konstantin"]
[Result "1-0"]
[WhiteElo "2177"]
[BlackElo "2086"]
[PlyCount "79"]
[EventDate "2019.??.??"]
[SourceVersionDate "2020.03.16"]
[WhiteTeam "SG Bochum 1"]
[BlackTeam "SV Dinslaken 1"]

1. d4 d5 2. c4 e6 3. Nc3 Be7 4. Nf3 Nf6 5. Bg5 Nbd7 6. e3 O-O 7. cxd5 exd5 8.
Bd3 Re8 9. O-O c6 10. Qc2 g6 11. Rab1 Nh5 12. Bxe7 Qxe7 13. b4 a6 14. Na4 Ng7
15. Nc5 Nf6 16. h3 Bf5 17. a4 Bxd3 18. Nxd3 Rec8 19. Rfc1 Ne4 20. b5 axb5 21.
axb5 Ne6 22. bxc6 bxc6 23. Nb4 Qd6 24. Nd3 c5 25. dxc5 N6xc5 26. Nxc5 Rxc5 27.
Qb2 Rac8 28. Rxc5 Qxc5 29. Nd4 h5 30. h4 Qc4 31. g3 Qc5 32. Kg2 Qc4 33. Qb7 Rc7
34. Qb8+ Kg7 35. Rb2 Qc1 36. Rb1 Qd2 37. Qxc7 Qxf2+ 38. Kh3 g5 39. Qe5+ Kh7 40.
Qf5+ 1-0

[Event "SV Dinslaken 1 - SG Bochum 1"]
[Site "Oberliga NRW 2019/2020"]
[Date "2019.12.15"]
[Round "4.8"]
[White "Borchert, Andreas"]
[Black "Zeldin, Vitali"]
[Result "1/2-1/2"]
[WhiteElo "1935"]
[BlackElo "1946"]
[PlyCount "30"]
[EventDate "2019.??.??"]
[SourceVersionDate "2020.03.16"]
[WhiteTeam "SV Dinslaken 1"]
[BlackTeam "SG Bochum 1"]

1. e4 c5 2. c3 d6 3. Nf3 Nf6 4. Bb5+ Bd7 5. Bxd7+ Nbxd7 6. d3 g6 7. O-O Bg7 8.
Re1 O-O 9. Nbd2 b5 10. Nf1 h6 11. h3 Nb6 12. Qc2 Nfd7 13. Bd2 e6 14. Rad1 Rc8
15. Bf4 e5 1/2-1/2